Let Us Be Free (Record no. 10061)

MARC details
000 -LEADER
fixed length control field 00647nam a2200253 a 4500
020 ## - INTERNATIONAL STANDARD BOOK NUMBER
ISBN 0940670
082 00 - DEWEY DECIMAL CLASSIFICATION NUMBER
Classification number 956.9405
Author Cutter WHI
100 ## - MAIN ENTRY--AUTHOR NAME
Author name White, Patrick
245 ## - TITLE STATEMENT
Title Let Us Be Free
Sub title Narrative Before and During the Intifada
260 ## - PUBLICATION, DISTRIBUTION, ETC. (IMPRINT)
Place of publication New Jersey
Name of publisher Kingston Press
Year of publication 1989
300 ## - PHYSICAL DESCRIPTION
Number of Pages 134p
500 ## - GENERAL NOTE
General note includes index and biblioraphy
505 2# - FORMATTED CONTENTS NOTE
Formatted contents note Index
650 ## - SUBJECT ADDED ENTRY--TOPICAL TERM
Topical Term Palestine
650 ## - SUBJECT ADDED ENTRY--TOPICAL TERM
Topical Term Intifada-Palestine
942 ## - ADDED ENTRY ELEMENTS (KOHA)
Koha item type Books
700 1# -
-- White, Patrick
Holdings
Collection code Home library Current library Date acquired Cost, normal purchase price Full call number Accession Number Koha item type
  Henry Martyn Institute Library Henry Martyn Institute Library 05/30/2007 49.00 956.9405 WHI 016629 Books
                   Copyright © 2026 | Henry Martyn Institute | Hyderabad | TS-500052 | INDIA | Implemented by hmi.edu.in
Hit-Count:

Powered by Koha